Where is baby's belly button (Record no. 11782)

MARC details
000 -LEADER
fixed length control field 00258nam a22000977a 4500
008 - FIXED-LENGTH DATA ELEMENTS--GENERAL INFORMATION
fixed length control field 200217b ||||| |||| 00| 0 eng d
020 ## - INTERNATIONAL STANDARD BOOK NUMBER
International Standard Book Number 0689835604
100 ## - MAIN ENTRY--PERSONAL NAME
Personal name Katz Karen
9 (RLIN) 7466
245 ## - TITLE STATEMENT
Title Where is baby's belly button
260 ## - PUBLICATION, DISTRIBUTION, ETC. (IMPRINT)
Place of publication, distribution, etc. New York
Name of publisher, distributor, etc. Little Simon
Date of publication, distribution, etc. 2000

No items available.

Powered by Koha